LEADER 00912nam a2200229 i 4500 001 000000233958 003 CaOOAMICUS 005 20141001000000.0 008 141001s1906 it u000 u ita u 013 $a212861 040 $aSeMil$bita 100 1 $aTaddei, Pietro.$0(OLS)http://semarc/name/80254 245 12$aL'archivista :$bmanuale teorico-pratico /$cPietro Taddei. 260 $aMilano :$bUlrico Hoepli,$c1906. 300 $aVIII, 486 p., [12] c. di tav. ;$c16 cm. 490 0 $aManuali Hoepli ;$v. 650 4$aArchivistica.$0(OLS)http://semarc/subject/8042 830 0$aManuali Hoepli ;$v.$0(OLS)http://semarc/title/7639 850 $aSeMil 852 $aSeMil$W1$xVenegono$y1$m2ZB III 32 FA$j184304$B184304$CSeMilBibl$Z2$F195285 $8I 996 $6245$aL'archivista :$bmanuale teorico-pratico$9(OLS)http://semarc/title/333980 996 $6260$aMilano :$bUlrico Hoepli$9(OLS)http://semarc/publisher/29765 LEADER 00907nam a2200217 i 4500 001 000000202280 003 CaOOAMICUS 005 20110519000000.0 008 110519s1940 it u000 u spa u 013 $a180988 040 $aSeMil$bita 100 1 $aPacheco-Carneiro, Antonio Faria,$d<1887-1957>.$0(OLS)http://semarc/name/69297 245 10$aPortugal Renovado :$b(Discursos) /$cCarneiro Pacheco. 260 $aLisboa :$b[s.n.],$cstampa 1940$e(Lisboa :$fOficinas Grāficas da Casa Portuguesa,$gstampa 1940) 300 $a399 p. ;$c21 cm. 500 $aIn preliminari : Dedica autografa. 650 4$aPortogallo.$0(OLS)http://semarc/subject/3306 850 $aSeMil 852 $aSeMil$W1$xVenegono$y1$m3U I 111$j152803$B152803$CSeMilBibl$Z2$F163832 $81 996 $6245$aPortugal Renovado :$b(Discursos)$9(OLS)http://semarc/title/292813 996 $6260$aLisboa :$b[s.n.]$9(OLS)http://semarc/publisher/30516